| 000 | 01840cam a22004454i 4500 | ||
|---|---|---|---|
| 003 | PE-LiUPU | ||
| 005 | 20250731173208.0 | ||
| 008 | 150625s1989 sp r 000 0 spa d | ||
| 035 | _a(Sirsi) a31595 | ||
| 040 |
_aPE-LiUPU _bspa _cPE-LiUPU _erda |
||
| 082 | 0 | 4 |
_a220.63 _bBEB68 _221 |
| 100 | 1 |
_aLéon Dufour, Xavier, _eautor. |
|
| 245 | 1 | 0 |
_aLectura Del Evangelio De Juan. _n68 / _cXavier León Dufour. |
| 264 | 1 |
_aSalamanca : _bSigueme, _c1989. |
|
| 300 |
_a348 páginas ; _c21 centímetros |
||
| 336 |
_atext _2rdacontent |
||
| 337 |
_aunmediated _2rdamedia |
||
| 338 |
_avolume _2rdacarrier |
||
| 505 | 0 | _aPrimera revelacion de la gloria de Jesus -- Jesus y el templo de Dios -- La fe basada en signos a la fe en la palabra de la vida -- De Judea a galilea. | |
| 526 | _aSEG42 | ||
| 526 | _aSEG41 | ||
| 526 | _aSEG40 | ||
| 526 | _aSEG39 | ||
| 526 | _aP94 | ||
| 526 | _aP87 | ||
| 526 | _aP86 | ||
| 526 | _aP85 | ||
| 526 | _aP77 | ||
| 526 | _aP76 | ||
| 526 | _aP35 | ||
| 630 |
_aBiblia. _pN.T. _pJuan _xComentarios. |
||
| 942 |
_2ddc _cBOOK |
||
| 949 |
_a220.63 BEB 68 _wDEWEY _c1 _i37102 _lCCODEBUL1 _mBUL _p35.00 _r0 _sY _tBOOK _u2015-06-25 _xBIBLIOTECA _PP35 _0COMPRA _o.STAFF. Colección Teología |
||
| 949 |
_a226.5 L46 68 _wDEWEY _c2 _i32549 _lCCODEBUL1 _mBUL _p35.00 _r0 _sY _tBOOK _u2015-06-25 _xTEOLOGIA _zUNKNOWN _0COMPRA _o.STAFF. Colección Teología |
||
| 596 | _a1 | ||
| 999 |
_a220.63 BEB 68 _wDEWEY _c39160 _i37102 _d39160 _f2021-11-11 _g5 _lCCODEBUL1 _mBUL _q1 _r0 _sY _tBOOK _u2015-6-25 _xTEOLOGIA _PP35 _0COMPRA _o.STAFF. Colección General |
||
| 999 |
_a226.5 L46 68 _wDEWEY _c2 _i32549 _d2018-11-13 _e2016-6-16 _f2021-11-9 _g6 _lCCODEBUL1 _mBUL _n1 _p35.00 _q8 _r0 _sY _tBOOK _u2015-6-25 _xTEOLOGIA _PP35 _0COMPRA _o.STAFF. Colección Teología |
||
| 980 |
_81 _gALBERTO SANCHEZ Responsable de Automatización |
||